000 01350cam a2200349 a 4500
001 11895193
003 NUST - PNEC
005 20170116181107.0
008 000112s1999 fr a b 001 0 eng
010 _a 00295175
020 _a271080753X (vol. 1)
020 _a2710807548 (vol. 2)
020 _a2710807513 (éd. complète)
035 _a(OCoLC)ocm43263535
040 _aFAS
_cLIBRARY
_dDLC
041 1 _aeng
_hfre
050 0 0 _aTP343
_b.G8413 1999
082 0 0 _a665 GUI
100 1 _aGuibet, Jean-Claude.
240 1 0 _aCarburants et moteurs.
_lEnglish
245 1 0 _aFuels and engines :
_btechnology, energy, environment /
_cJean-Claude Guibet, Emmanuelle Faure-Birchem ; foreword by Raymond H. Lévy ; translated from the french by Frank Carr.
250 _aRev. ed.
260 _aParis :
_bÉditions Technip,
_c1999.
300 _a2 v. (xxxvi, xli, 786 p., [8] p. de pl.) :
_bill. ;
_c25 cm.
440 0 _aPublications de l'Institut français du pétrole
504 _aIncludes bibliographical references (p. [387]-[401] and index.
650 0 _aMotor fuels.
_xME
700 1 _aFaure-Birchem, Emmanuelle.
906 _a7
_bcbc
_corigres
_d2
_encip
_f20
_gy-gencatlg
942 _2ddc
_cBK
999 _c68973
_d68973